书目信息 |
| 题名: |
金属学
|
|
| 作者: | Гупяев , 古里亚耶夫 撰 ;石霖 译 | |
| 分册: | ||
| 出版信息: | 北京 机械工业出版社 1954 |
|
| 页数: | 291页 | |
| 开本: | 26cm | |
| 丛书名: | ||
| 单 册: | ||
| 中图分类: | TG11 | |
| 科图分类: | ||
| 主题词: | 金属学 , 金属学 , 物理冶金学 | |
| 电子资源: | ||
| ISBN: | ||
| 000 | 00848nam0 2200301 45 980 | |
| 001 | 0655835947 | |
| 005 | 20060815105013.40 | |
| 010 | @dCNY1.85 | |
| 100 | @a19970801d1954 emky0chiy0121 ea | |
| 101 | 1 | @achi@crus |
| 102 | @aCN@b110000 | |
| 105 | @afk z 000yy | |
| 106 | @ar | |
| 200 | 10 | @a金属学@f(苏)古里亚耶夫,А.Л.撰@Ajin shu xue@g石霖译 |
| 210 | @a北京@c机械工业出版社@d1954 | |
| 215 | @a291页@c表,图@d26cm | |
| 300 | @a据1951年俄文版译出 | |
| 300 | @a译自:Металловедение | |
| 510 | 1 | @aМеталловедение |
| 606 | @a金属学 | |
| 606 | 0 | @a金属学 |
| 606 | 0 | @a物理冶金学 |
| 690 | @aTG11@v3 | |
| 701 | A1 | @aГупяев@bА.Л.@f苏@4撰@AГупяев |
| 701 | 1 | @a古里亚耶夫@bА.Л.@f苏@4撰@Agu li ya ye fu |
| 702 | 0 | @a石霖@4译@Adan lin |
| 801 | 0 | @c20060815 |
| 905 | @a10447@dTG11@e27 | |
| 金属学/(苏)古里亚耶夫,А.Л.撰/石霖译 .-北京:机械工业出版社,1954 |
| 291页:表,图;26cm |
| 据1951年俄文版译出.-译自:Металловедение |
| ISBN :CNY1.85 |
| ● |
| 相关链接 |
|
|
|
|
正题名:金属学
索取号:TG11/27
 
预约/预借
| 序号 | 登录号 | 条形码 | 馆藏地/架位号 | 状态 | 备注 |
| 1 | 0439168 | 204391684 | 密集书库/ [索取号:TG11/27] | 在馆 | |
| 2 | 0458457 | 204584574 | 密集书库/ [索取号:TG11/27] | 在馆 |